Traduction de mots aléatoires de l'anglais au français - Statistiques

Statistiques générales
  • Ce quiz a été pris 283 fois
  • Le résultat moyen est 12 sur 25
Statistiques - réponses
Hint Réponse % Correct
Oil Huile
94%
Bag Sac
93%
Alone Seul
92%
Rule Règle
87%
Side Côté
80%
Sell Vendre
78%
Lie Mensonge
74%
Coin Pièce
73%
Shake Secouer
69%
Obtain Obtenir
65%
Tear Larme
61%
Worm Ver
59%
Jelly Gelée
52%
Truffle Truffe
45%
Cave Grotte
37%
Void Vide
34%
Nest Nid
30%
Pickaxe Pioche
25%
Chore Corvée
22%
Ark Arche
17%
Tank Réservoir
12%
Hatch Eclore
8%
Haze Brume
6%
Dunce Cancre
2%
Tart Acide
0%
Aucun quiz correspondant
Distribution des résultats
% des personnes avec chaque résultat
Percentile par nombre de réponses
Votre historique - résultats
Vous n’avez pas pris ce quiz